The healing manager : (Record no. 3511)

000 -LEADER
fixed length control field nam a22 a 4500
003 - CONTROL NUMBER IDENTIFIER
control field AKMAL
005 - DATE AND TIME OF LATEST TRANSACTION
control field 20170523101329.0
008 - FIXED-LENGTH DATA ELEMENTS--GENERAL INFORMATION
fixed length control field 170523s1993 ca 00 eng d
020 ## - INTERNATIONAL STANDARD BOOK NUMBER
International Standard Book Number 1881052133:
Terms of availability USD 27.95
082 04 - DEWEY DECIMAL CLASSIFICATION NUMBER
Classification number 658.4095 LUN
090 ## - LOCALLY ASSIGNED LC-TYPE CALL NUMBER (OCLC); LOCAL CALL NUMBER (RLIN)
Classification number (OCLC) (R) ; Classification number, CALL (RLIN) (NR) 658.4095
Local cutter number (OCLC) ; Book number/undivided call number, CALL (RLIN) LUN
100 1# - MAIN ENTRY--PERSONAL NAME
Personal name Lundin, William,
Titles and words associated with a name 1923-
9 (RLIN) 7019
245 14 - TITLE STATEMENT
Title The healing manager :
Remainder of title how to build quality relationships & productive cultures at work /
Statement of responsibility, etc. William Lundin and Katleen Lundin
260 ## - PUBLICATION, DISTRIBUTION, ETC.
Place of publication, distribution, etc. San Francisco, CA :
Name of publisher, distributor, etc. Berrett-Koehler,
Date of publication, distribution, etc. 1993
300 ## - PHYSICAL DESCRIPTION
Extent xx, 248p. ;
Dimensions 24cm
500 ## - GENERAL NOTE
General note Includes index
650 ## - SUBJECT ADDED ENTRY--TOPICAL TERM
Topical term or geographic name entry element Management
Form subdivision Psychological aspects
9 (RLIN) 1223
650 ## - SUBJECT ADDED ENTRY--TOPICAL TERM
Topical term or geographic name entry element Interpersonal relations
9 (RLIN) 487
700 1# - ADDED ENTRY--PERSONAL NAME
Personal name Lundin, Kathleen,
Dates associated with a name 1935-
9 (RLIN) 7020
942 ## - ADDED ENTRY ELEMENTS (KOHA)
Source of classification or shelving scheme
Koha item type Book
Holdings
Withdrawn status Lost status Source of classification or shelving scheme Damaged status Not for loan Collection code Home library Current library Shelving location Date acquired Inventory number Total Checkouts Full call number Barcode Date last seen Price effective from Koha item type
          NON-FICTION AKMAL Melaka AKMAL Melaka PINJAMAN 23.05.2017 601424   658.4095 LUN 201704501 23.05.2017 23.05.2017 Book
Pusat Sumber Maklumat Dato' Haji Sarmin Md Hussin, Akademi Kastam Diraja Malaysia, Melaka
Tel: 06-2331106 | Faks: 06-2313787